Study on the Production of Fish Meal and Fish Oil with Special Reference to Bawa Fish Meal and Oil Company (Record no. 230373)
[ view plain ]
| 000 -LEADER | |
|---|---|
| fixed length control field | 00453nam a22001457a 4500 |
| 005 - DATE AND TIME OF LATEST TRANSACTION | |
| control field | 20240315100536.0 |
| 008 - FIXED-LENGTH DATA ELEMENTS--GENERAL INFORMATION | |
| fixed length control field | 240315b ||||| |||| 00| 0 eng d |
| 040 ## - CATALOGING SOURCE | |
| Transcribing agency | AL |
| 041 ## - LANGUAGE CODE | |
| Language code of text/sound track or separate title | eng |
| 082 ## - DEWEY DECIMAL CLASSIFICATION NUMBER | |
| Edition number | 23 |
| Classification number | 639.2 |
| Item number | STUD |
| 245 ## - TITLE STATEMENT | |
| Title | Study on the Production of Fish Meal and Fish Oil with Special Reference to Bawa Fish Meal and Oil Company |
| 260 ## - PUBLICATION, DISTRIBUTION, ETC. | |
| Place of publication, distribution, etc. | Mangalore |
| Name of publisher, distributor, etc. | St Aloysius Colllege |
| Date of publication, distribution, etc. | 2003 |
| 700 ## - ADDED ENTRY--PERSONAL NAME | |
| Personal name | FAHAD (Ahamed V) |
| 9 (RLIN) | 154482 |
| 942 ## - ADDED ENTRY ELEMENTS (KOHA) | |
| Source of classification or shelving scheme | Dewey Decimal Classification |
| Koha item type | Project Report |
| Withdrawn status | Lost status | Source of classification or shelving scheme | Damaged status | Not for loan | Collection code | Home library | Current library | Date acquired | Total Checkouts | Full call number | Barcode | Date last seen | Price effective from | Koha item type |
|---|---|---|---|---|---|---|---|---|---|---|---|---|---|---|
| Dewey Decimal Classification | Not for loan | Management | St Aloysius Library | St Aloysius Library | 01/07/2005 | 639.2 STUD | D02416 | 03/15/2024 | 03/15/2024 | Project Report |